Elements of statistics (Record no. 91708)

MARC details
000 -LEADER
fixed length control field 00470nam a2200181Ia 4500
008 - FIXED-LENGTH DATA ELEMENTS--GENERAL INFORMATION
fixed length control field 230125s9999 xx 000 0 und d
041 ## - LANGUAGE CODE
Language code of text/sound track or separate title eng
082 ## - DEWEY DECIMAL CLASSIFICATION NUMBER
Classification number 519.5
Item number AST
100 ## - MAIN ENTRY--PERSONAL NAME
Personal name Asthana B N
9 (RLIN) 114340
245 ## - TITLE STATEMENT
Title Elements of statistics
260 ## - PUBLICATION, DISTRIBUTION, ETC. (IMPRINT)
Date of publication, distribution, etc. 1971
Name of publisher, distributor, etc. Chaitanya Publishers
Place of publication, distribution, etc. Allahabad
300 ## - PHYSICAL DESCRIPTION
Extent 655p
500 ## - GENERAL NOTE
Keywords Elements of statistics
500 ## - GENERAL NOTE
Keywords Statistics
650 ## - SUBJECT ADDED ENTRY--TOPICAL TERM
Topical term or geographic name as entry element Mathematics
9 (RLIN) 106897
700 ## - ADDED ENTRY--PERSONAL NAME
Personal name Asthana B N
9 (RLIN) 114340
Holdings
Withdrawn status Lost status Damaged status Not for loan Home library Current library Date acquired Vendor Cost, normal purchase price Full call number Barcode Date last seen Cost, replacement price Bill Date Koha item type Original Barcode
Withdrawn       Smt. Hiraben Nanavati Institute of Management & Research for Women Smt. Hiraben Nanavati Institute of Management & Research for Women 17/09/2001 Satya Gilani 15.00 519.5 AST DB0527 HIMR-DB-527 25/01/2023 15.00 24/09/2001 Donated Book DB0527